000 00428nam a2200145Ia 4500
008 230917s9999||||xx |||||||||||||| ||und||
040 _e52921
_aMAIN
041 _aEnglish
082 _a341.23 F244N
100 _aFranck, Thomas M
245 0 _aNation against nation: What happpened to the Un dream and what the US can do about it
260 _aNew York
_bOxford University Press
_c1985
300 _aviii, 334 p.
942 _cBK
999 _c46457
_d46457